=LDR 00000nam 2200000 4500 =001 INLIS000000000015577 =005 20130612110844 =008 ***********************************Indo** =035 ##$$0010-061300000015577 =041 ##$$a Indo =082 ##$$a 028.5 =090 ##$$a 028.5, Sun s =100 ##$$a Sunanto =245 ##$$a Siswono Serati Gajah, Drs.Sunanto =250 ##$$a Seri Lingkungan Hidup =260 ##$$a 1996 $b Jakarta =300 ##$$a viii 116 hlm, ilus, 20 cm =650 ##$$a Bacaan Anak-Anak =850 ##$$a NBPNMAT